书目信息 |
| 题名: |
我是郭正谊
|
|
| 作者: | 郭正谊 著 | |
| 分册: | ||
| 出版信息: | 北京 中国时代经济出版社 2002 |
|
| 页数: | 294页 | |
| 开本: | 20cm | |
| 丛书名: | “四大恶人”丛书 | |
| 单 册: | ||
| 中图分类: | C913.8 | |
| 科图分类: | ||
| 主题词: | 伪科学--批判 , 邪教--批判 , 社会问题 | |
| 电子资源: | ||
| ISBN: | 7-80169-303-5 | |
| 000 | 00957oam2 2200265 45 | |
| 001 | 070234794100 | |
| 005 | 20051013102222.56 | |
| 010 | @a7-80169-303-5@dCNY20.00 | |
| 100 | @a20041218e20032002ekmy0chiy0120 ea | |
| 101 | 1 | @achi |
| 102 | @aCN@b110000 | |
| 105 | @aa z 000yy | |
| 200 | 1 | @a我是郭正谊@Awo shi guo zheng yi@f郭正谊著@FGuo Zheng Yi Zhu |
| 210 | @a北京@c中国时代经济出版社@d2002 | |
| 215 | @a294页@c照片@d20cm | |
| 225 | 2 | @a“四大恶人”丛书 |
| 330 | @a本书分为五编:破除封建迷信、美苏“心灵战”始末、古今中外江湖揭秘、“水变油”的神话、论邪教,作者被称为“恶人”,是因为战斗在反迷信、反伪科学的最前线,才被那些反对者送上这个称号,被邪恶视为的“恶”,从保卫科学、保卫人权、保卫社会看来就是“善”。 | |
| 410 | @12001 @a“四大恶人”丛书 | |
| 606 | 0 | @a伪科学@x批判 |
| 606 | 0 | @a邪教@x批判 |
| 606 | 0 | @a社会问题 |
| 690 | @aC913.8@v4 | |
| 701 | 0 | @a郭正谊@4著 |
| 801 | 0 | @aCN@bCXYBOOK@c20051013 |
| 905 | @b352128-132@dC913.8@e340@f5 | |
| 我是郭正谊/郭正谊著.-北京:中国时代经济出版社,2002 |
| 294页:照片;20cm.-(“四大恶人”丛书) |
| ISBN 7-80169-303-5:CNY20.00 |
| 本书分为五编:破除封建迷信、美苏“心灵战”始末、古今中外江湖揭秘、“水变油”的神话、论邪教,作者被称为“恶人”,是因为战斗在反迷信、反伪科学的最前线,才被那些反对者送上这个称号,被邪恶视为的“恶”,从保卫科学、保卫人权、保卫社会看来就是“善”。 |
| ● |
| 相关链接 |
|
|
|
|
正题名:我是郭正谊
索取号:C913.8/340
 
预约/预借
| 序号 | 登录号 | 条形码 | 馆藏地/架位号 | 状态 | 备注 |
| 1 | 0352128 | 3521282 | 第一样本阅览室/ [索取号:C913.8/340] | 在馆 | |
| 2 | 0352129 | 3521291 | 密集书库/ [索取号:C913.8/340] | 在馆 | |
| 3 | 0352130 | 3521308 | 第一借阅区/ [索取号:C913.8/340] | 在馆 | |
| 4 | 0352131 | 3521317 | 密集书库/ [索取号:C913.8/340] | 在馆 | |
| 5 | 0352132 | 3521326 | 第一借阅区/ [索取号:C913.8/340] | 在馆 | |
| 6 | 0366250 | 3662502 | 教育系资料室/ [索取号:C913.8/340] | 在馆 | |
| 7 | 0366251 | 3662511 | 密集书库/ [索取号:C913.8/340] | 在馆 | |
| 8 | 0366252 | 3662520 | 密集书库/ [索取号:C913.8/340] | 在馆 | |
| 9 | 0366253 | 3662539 | 教育系资料室/ [索取号:C913.8/340] | 在馆 | |
| 10 | 0366254 | 3662548 | 密集书库/ [索取号:C913.8/340] | 在馆 |